000 00299nam a2200133Ia 4500
100 _aSchlieve/ Paul/L.
942 _cBK
654 _aAuto cad release 11
245 _aIllustrated Auto Cad Release 11
260 _bB.P.B. Pub
_aNew Delhi
_c1992
300 _a550
546 _aENGLISH
999 _c33404
_d33404